000 00861nam a2200241Ia 4500
003 GCL
005 20240530105008.0
008 140319s9999 xx 000 0 ara d
020 _a9770123056
040 _aGCL /
_cGCL
082 0 4 _a327.62068
_bق/خ م
100 1 _aخالد محمود الكومى
245 1 0 _aمصر وقضايا الجنوب الافريقى :
_cخالد محمود الكومى
_bنظرة على الاوضاع الراهنة ورؤية مستقبلية/
260 _aالقاهرة :
_bالهيئة المصرية العامة للكتاب ،
_c1989
300 _a187 ص ؛
_c24 سم
490 _aتاريخ المصريين
_v33
650 0 4 _aالعصر الحديث
650 0 4 _aمصر
650 0 4 _aالعلاقات الخارجية
650 0 4 _aافريقيا
650 0 4 _aجنوب افريقيا
942 _2ddc
_cBK
999 _c52373
_d52373